000 00733nam a2200241Ia 4500
003 OSt
005 20220923214707.0
006 a|||||r|||| 00| 0
007 ta
008 220922b |||||||| |||| 00| 0 hin d
024 _a171,710
037 _cTextual
040 _aARTS
_cARTS
_bhin
041 _2hin
_ahin
082 _aO152,3N25x, K0
100 _aलाल, लक्ष्मीनारायण
245 0 _aसूने अंगन रस बरसे
246 _aSūne aangan ras barase
260 _c1960
650 _aहिन्दी साहित्य
_9156264
942 _hO152,3N25x, K0
_cTEXL
_2CC
999 _c325851
_d325851